Villes des Hauts de France - Mort Subite - Statistiques

Statistiques générales
  • Ce quiz a été pris 101 fois
  • Le résultat moyen est 17 sur 30
Answers on the Grid
Answers color-coded by a green-red scale on the quiz's grid according to % correct below.
Lille
Tourcoing
Roubaix
Villeneuve d'Ascq
Valenciennes
Dunkerque
Calais
Béthune
Lens
Boulogne sur mer
Douai
Berck
Amiens
Avion
Creil
Compiègne
Château-Thierry
Laon
Beauvais
Abbeville
Soissons
Saint-Quentin
Arras
Chambly
Chantilly
Saint-Gobain
Guise
Y
Pont-de-Metz
Rémy
Noailly
Quevilly
Albertville
Boulogne Billancourt
Villeneuve de Berg
Sarcelles
Courtrai
La Biloute
Les Abrets
Pontoise
Nogent-sur-Somme
Dardilly
Créteil
Ô
Malé
Brise
Avallon
Vion
 
Statistiques - réponses
Réponse % Correct
Lille
75%
Valenciennes
75%
Dunkerque
74%
Lens
74%
Tourcoing
74%
Villeneuve d'Ascq
74%
Boulogne sur mer
72%
Douai
72%
Amiens
70%
Arras
70%
Beauvais
70%
Béthune
70%
Roubaix
69%
Berck
67%
Saint-Quentin
66%
Calais
64%
Compiègne
64%
Soissons
62%
Abbeville
59%
Laon
59%
Chantilly
48%
Château-Thierry
48%
Avion
44%
Creil
44%
Chambly
38%
Y
33%
Guise
31%
Pont-de-Metz
13%
Saint-Gobain
11%
Rémy
8%
Aucun quiz correspondant
Distribution des résultats
% des personnes avec chaque résultat
Percentile par nombre de réponses
Votre historique - résultats
Vous n’avez pas pris ce quiz